Plan de manejo de los recursos naturales del territorio colectivo de las comunidades afro de Santa Cecilia, Pueblo Rico Risaralda, Colombia / (Registro nro. 8778)

Detalles MARC
000 -CABECERA
Campo de control 01091nam a22002657a 4500
005 - FECHA Y HORA DE LA ULTIMA TRANSACCION
Campo de control 20141110164737.0
008 - ELEMENTOS DE LONGITUD FIJA—INFORMACION GENERAL
Campo de control 141110b2012 ck ||||| ||||a00| 0 spa d
020 ## - ISBN
ISBN 9789588370361
041 ## - IDIOMA
Código de idioma para texto/pista de sonido o título separado Español
044 ## - PAÍS DE PUBLICACIÓN
País de publicación Colombia
082 04 - NUMERO DE CLASIFICACION DECIMAL DEWEY
Número de clasificación 338.98
Número del ítem S21p
100 1# - ASIENTO PRINCIPAL--NOMBRE PERSONAL
Nombre personal Sánchez-Barrera, Fernando Humberto
245 10 - MENCION DE TITULO
Título Plan de manejo de los recursos naturales del territorio colectivo de las comunidades afro de Santa Cecilia, Pueblo Rico Risaralda, Colombia /
Parte restante del título Fernando Sanchez ...[et al].
260 ## - PUBLICACION, DISTRIBUCION, ETC. (PIE DE IMPRENTA)
Lugar de publicación, distribución, etc. Pereira :
Nombre del editor, distribuidor, etc. Carder ,
Fecha de publicación, distribución, etc. 2012
300 ## - DESCRIPCION FISICA
Extensión 138 p.
Dimensiones 28 cm.
504 ## - NOTA DE BIBLIOGRAFIA, ETC.
Nota de bibliografía Incluye referencias bibliográficas (pag. 137-138)
650 16 - ASIENTO SECUNDARIO DE MATERIA - TERMINO TEMATICO
Término temático o nombre geográfico como elemento de entrada Ordenamiento territorial
Subdivisión geográfica Pueblo Rico (Risaralda, Dpt. Colombia)
650 #4 - ASIENTO SECUNDARIO DE MATERIA - TERMINO TEMATICO
Término temático o nombre geográfico como elemento de entrada Comunidades indígenas colombianas.
650 #4 - ASIENTO SECUNDARIO DE MATERIA - TERMINO TEMATICO
Término temático o nombre geográfico como elemento de entrada Planeación Municipal
Subdivisión geográfica Pueblo Rico (Risaralda, Dpt. Colombia)
651 ## - ASIENTO SECUNDARIO DE MATERIA - NOMBRE GEOGRAFICO
Nombre geográfico Colombia
Subdivisión geográfica Santa Cecilia,
-- Risaralda.
700 1# - ASIENTO SECUNDARIO - NOMBRE PERSONAL
Nombre personal Nadachowski-Chávarro, Erika
700 1# - ASIENTO SECUNDARIO - NOMBRE PERSONAL
Nombre personal Bedoya, Mónica
700 1# - ASIENTO SECUNDARIO - NOMBRE PERSONAL
Nombre personal Valencia-Valencia, Martha Yazmín
942 ## - ELEMENTOS ADICIONALES (KOHA)
Sistema de clasificación Dewey Decimal Classification
Tipo de ítem Libro
Existencias
Withdrawn status Lost status Sistema de Clasificación Damaged status No para préstamo Colección Inventariado Ubicación Permanente Ubicación actual Fecha de adquisición Fuente de Valor Valor Total Checkouts Número topográfico Inventario / Código de Barras Date last seen Ejemplar Price effective from Forma de adquisición Tipo de material
    Dewey Decimal Classification     General Inventariado 2017 Bogotá Bogotá 10/11/2014 Instituto 39000.00   LB-338.98 S21p 034793 10/11/2014 Ej. 1 10/11/2014 Canje Libro